| 000 | 00390nam a2200145Ia 4500 | ||
|---|---|---|---|
| 005 | 20250423095735.0 | ||
| 008 | 250422s9999 xx 000 0 und d | ||
| 020 | _a0195117697 | ||
| 050 | _aTK 7867 .S39/ | ||
| 245 | 0 | _aInstructor's manual with transparency masters for microelectronic circuits | |
| 260 | _aNew York | ||
| 260 | _bOxford university press | ||
| 260 | _c1998 | ||
| 942 | _cBK | ||
| 999 |
_c31190 _d31190 |
||